01042nam a2200277 a 450000100060000000300080000600500170001400800410003102000150007203500190008704000270010604100080013308200240014110000400016524500780020526000420028330000350032549000500036050400360041065000300044670000540047683000580053094200120058899900170060095201470061769522BD-RjUL20211209081910.0170412s1971 nyua b 001 0 eng d a0471129801 a(BD-RjUL)69734 aDLCcDLCdBD-RjULbeng aeng00a541.7223bCAT 19711 aCaldwell, Dennis J.,d1935-920592514aThe theory of optical activity /cby Dennis J. Caldwell and Henry Eyring. aNew York :bWiley-Interscience,c1971 aviii, 244 p. :bill. ;c24 cm.0 aInterscience monographs on physical chemistry aIncludes bibliography and index 0aOptical rotation.92059261 aEyring, Henry,d1901-1981,ejoint author.9205927 aInterscience monographs on physical chemistry9205929 2ddccBK c69522d69522 00102ddc40718NFICaRUCLbRUCLcReadingd1977-05-16eW. Heffer and Sonsg15.35l0o541.7 CAT 1971r2017-04-12 00:00:00tC-1w2017-04-12yBK